Southville International School and Colleges
Your cart is empty.
  • Cart
  • Lists
    Public lists Eva Luna New books Lux_list list_1
    Your lists Log in to create your own lists
  • Log in to your account
  • Your cookies
  • Search history
Southville International School and Colleges
  • Advanced search
  • Recent comments
  • Most popular
  • Libraries

Log in to your account

Log in with GOOGLE


If you do not have an external account, but do have a local account, you can still log in:

  1. Home
  2. MARC view: Cost accounting principles /
Normal view MARC view ISBD view

Cost accounting principles / (Record no. 48593)

[ view plain ]
MARC details
000 -LEADER
fixed length control field 00563nam a2200193Ia 4500
008 - FIXED-LENGTH DATA ELEMENTS--GENERAL INFORMATION
fixed length control field 140321s9999 xx 000 0 und d
020 ## - INTERNATIONAL STANDARD BOOK NUMBER
International Standard Book Number 9781111972103
050 ## - LIBRARY OF CONGRESS CALL NUMBER
Classification number HF 5686.C8
Item number .R13 2013
100 ## - MAIN ENTRY--PERSONAL NAME
Personal name Rainborn, Cecily A.
245 ## - TITLE STATEMENT
Title Cost accounting principles /
Statement of responsibility, etc Cecily A. Raiborn & Michael R. Kinney.
250 ## - EDITION STATEMENT
Edition statement 9th ed.
260 ## - PUBLICATION, DISTRIBUTION, ETC. (IMPRINT)
Place of publication, distribution, etc Ohio :
Name of publisher, distributor, etc South-Western Cengage Learning,
Date of publication, distribution, etc c2013.
300 ## - PHYSICAL DESCRIPTION
Extent 832 p. :
Other physical details col. ill. ;
Dimensions 28 cm.
500 ## - GENERAL NOTE
General note Includes index.
521 ## - TARGET AUDIENCE NOTE
Target audience note
650 ## - SUBJECT ADDED ENTRY--TOPICAL TERM
Topical term or geographic name as entry element Cost Accounting.
942 ## - ADDED ENTRY ELEMENTS (KOHA)
Call number prefix Foreign
Koha item type Books
Holdings
Withdrawn status Lost status Damaged status Home library Current library Shelving location Date acquired Total Checkouts Total Renewals Full call number Barcode Date last seen Date checked out Price effective from Koha item type
      College Library College Library Reserve Section 03/21/2014 3 63 HF 5686.C8 .R13 2013 C17876 12/03/2018 07/23/2018 03/21/2014 Books

Cost accounting principles /

APA

Rainborn C. A., . (2013). Cost accounting principles. Ohio: South-Western Cengage Learning.

Chicago

Rainborn Cecily A, . 2013. Cost accounting principles. Ohio: South-Western Cengage Learning.

Harvard

Rainborn C. A., . (2013). Cost accounting principles. Ohio: South-Western Cengage Learning.

MLA

Rainborn Cecily A, . Cost accounting principles. Ohio: South-Western Cengage Learning. 2013.

  • Place hold
  • Print
  • Cite
  • Add to your cart (remove)
  • Save record
    BIBTEX Dublin Core MARCXML MARC (non-Unicode/MARC-8) MARC (Unicode/UTF-8) MARC (Unicode/UTF-8, Standard) MODS (XML) RIS
  • More searches
    Search for this title in:
    Other Libraries (WorldCat) Other Databases (Google Scholar) Online Stores (Bookfinder.com) Open Library (openlibrary.org)

Exporting to Dublin Core...

SOUTHVILLE LIBRARY

Southville International School and Colleges Library

1281 Tropical Ave. Cor. Luxembourg St., BF Homes International, Las Pinas City

Tel. No. 8256374 / 252358 Loc. 117/146

Powered by Koha